Największe miasta we Francji - Statystyki

Ogólne statystyki
  • Ten quiz został rozwiązany 86 razy
  • Średni wynik to 7 z 10
Statystyki odpowiedzi
Ludność Miasto % Poprawnych
2 187 526 Paryż
100%
863 310 Marsylia
96%
516 092 Lyon
90%
254 436 Bordeaux
80%
232 787 Lille
73%
340 017 Nicea
72%
309 346 Nantes
61%
479 553 Tuluza
61%
280 966 Strasburg
59%
285 121 Montpellier
44%
Nie znaleziono quizów pasujących do podanych kryteriów
Rozkład punktacji
Procent ludzi z każdym wynikiem
Percentyl według liczby udzielonych odpowiedzi
Twoja historia wyników
Nie rozwiązałeś tego quizu